000
00283 a2200145 4500
001
165865
020
_a
040
_c
Magnum
100
_a
Flinders, Steve
240
1
0
_a
Scotland
_l
ING
245
1
0
_a
Scotland
362
0
_a
1899
697
_a
LITERATURA ESTRANGEIRA
942
_c
BK
999
_c
165865
_d
165865